Construction materials (Record no. 3506)

000 -LEADER
fixed length control field 00497nam a22002057a 4500
001 - CONTROL NUMBER
control field 3506
003 - CONTROL NUMBER IDENTIFIER
control field BD-DhUET
008 - FIXED-LENGTH DATA ELEMENTS--GENERAL INFORMATION
fixed length control field 0
020 ## - INTERNATIONAL STANDARD BOOK NUMBER
International Standard Book Number 0419154701
040 ## - CATALOGING SOURCE
Transcribing agency 0
Modifying agency BD-DhUET
082 ## - DEWEY DECIMAL CLASSIFICATION NUMBER
Classification number 620.136
Item number ILL/1994
100 ## - MAIN ENTRY--PERSONAL NAME
Personal name Illston, J. M.
245 ## - TITLE STATEMENT
Title Construction materials
Remainder of title their nature and behavior
250 ## - EDITION STATEMENT
Edition statement 1st ed.
260 ## - PUBLICATION, DISTRIBUTION, ETC. (IMPRINT)
Place of publication, distribution, etc. London
Name of publisher, distributor, etc. E & FN Spon
Date of publication, distribution, etc. 1994
300 ## - PHYSICAL DESCRIPTION
Extent xxiii, 517 p.
Other physical details ill.
Dimensions 20 cm.
504 ## - BIBLIOGRAPHY, ETC. NOTE
Bibliography, etc Includes bibliographies
650 #0 - SUBJECT ADDED ENTRY--TOPICAL TERM
Topical term or geographic name as entry element Concrete-Engineering
942 ## - ADDED ENTRY ELEMENTS (KOHA)
Koha item type General Book
Holdings
Lost status Sublocation or collection (holding branch) Not for loan Koha full call number Koha item type Damaged status Koha date last borrowed Koha normalized classification for sorting Copy number Date acquired Shelving location Source of classification or shelving scheme Piece designation (barcode) Koha date last seen Koha renewals Withdrawn status Koha issues (times borrowed) Price effective from Location (home branch)
 Central Library, BUET 620.136/ILL/1994General Book 2015-03-04620_136000000000000_ILL_199412014-11-01Circulation section 924902021-06-30  12014-11-01Central Library, BUET
 Central Library, BUET 620.136/ILL/1994General Book  620_136000000000000_ILL_199422014-11-01Circulation section 925032014-11-01   2014-11-01Central Library, BUET
 Central Library, BUET 620.136/ILL/1994General Book 2021-08-28620_136000000000000_ILL_199432014-11-01Circulation section 924992021-08-28  12014-11-01Central Library, BUET
 Central Library, BUET 620.136/ILL/1994General Book  620_136000000000000_ILL_199442014-11-01Circulation section 924942016-03-122  2014-11-01Central Library, BUET
 Central Library, BUET 620.136/ILL/1994General Book  620_136000000000000_ILL_199452014-11-01Circulation section 925012014-11-01   2014-11-01Central Library, BUET
 Central Library, BUET 620.136/ILL/1994General Book 2024-09-07620_136000000000000_ILL_199462014-11-01Circulation section 924862024-09-14  12014-11-01Central Library, BUET
 Central Library, BUET 620.136/ILL/1994Reading Item  620_136000000000000_ILL_199472015-06-14Reading section 924842015-06-14   2015-06-14Central Library, BUET